000
00284nam a2200109Ia 4500
008
190216s9999||||xx |||||||||||||| ||und||
100
_a
Ray Chaudhuri
245
0
_a
Social Cultural And Economic History Of Medival Age
260
_b
Surjeet Pubs.Delhi
650
_a
History
942
_c
BK
999
_c
19435
_d
19435